[Event "45th FIDE Chess Olympiad Open"]
[Site "Budapest, Hungary"]
[Date "2024.09.22"]
[Round "11"]
[White "Giron, Jorge Ernesto"]
[Black "Maksimovic, Bojan"]
[Result "1/2-1/2"]
[Board "137"]
[WhiteFideId "6702309"]
[BlackFideId "14408120"]
[WhiteTitle "IM"]
[BlackTitle "IM"]
[WhiteElo "2276"]
[BlackElo "2503"]
[WhiteTeam "El Salvador"]
[BlackTeam "Bosnia & Herzegovina"]
[WhiteClock "0:13:34"]
[BlackClock "0:03:34"]
[Variant "Standard"]

1. d4 {[%clk 1:30:24]}  Nf6 {[%clk 1:30:38]} 2. c4 {[%clk 1:30:48]}  g6 {[%clk 1:30:52]} 3. g3 {[%clk 1:30:26]}  Bg7 {[%clk 1:30:59]} 4. Bg2 {[%clk 1:30:49]}  O-O {[%clk 1:28:06]} 5. Nc3 {[%clk 1:31:14]}  d6 {[%clk 1:27:13]} 6. Nf3 {[%clk 1:30:21]}  Nbd7 {[%clk 1:18:04]} 7. O-O {[%clk 1:30:31]}  e5 {[%clk 1:18:24]} 8. e4 {[%clk 1:30:32]}  Re8 {[%clk 1:17:57]} 9. h3 {[%clk 1:30:27]}  b6 {[%clk 1:16:51]} 10. dxe5 {[%clk 1:22:36]}  dxe5 {[%clk 1:16:21]} 11. Be3 {[%clk 1:22:47]}  c6 {[%clk 1:10:13]} 12. b4 {[%clk 1:18:24]}  Bb7 {[%clk 1:02:09]} 13. Qb3 {[%clk 1:16:35]}  Qe7 {[%clk 0:57:41]} 14. Rfd1 {[%clk 1:16:10]}  a5 {[%clk 0:45:24]} 15. a3 {[%clk 1:11:54]}  Bf8 {[%clk 0:45:15]} 16. Rab1 {[%clk 1:11:03]}  axb4 {[%clk 0:44:56]} 17. axb4 {[%clk 1:11:31]}  Ba6 {[%clk 0:41:49]} 18. Bf1 {[%clk 1:09:04]}  h6 {[%clk 0:40:27]} 19. g4 {[%clk 1:07:27]}  Red8 {[%clk 0:37:30]} 20. Be2 {[%clk 0:51:27]}  Rdb8 {[%clk 0:32:57]} 21. Kh2 {[%clk 0:44:12]}  Bc8 {[%clk 0:31:07]} 22. Qc2 {[%clk 0:43:57]}  Qe6 {[%clk 0:28:39]} 23. Qc1 {[%clk 0:40:20]}  g5 {[%clk 0:22:31]} 24. Nd2 {[%clk 0:39:00]}  Nh7 {[%clk 0:20:08]} 25. Nf1 {[%clk 0:39:07]}  Ndf6 {[%clk 0:19:49]} 26. Ng3 {[%clk 0:39:23]}  Qe8 {[%clk 0:19:48]} 27. Nf5 {[%clk 0:35:19]}  Bxf5 {[%clk 0:19:41]} 28. gxf5 {[%clk 0:35:44]}  Kh8 {[%clk 0:20:06]} 29. h4 {[%clk 0:29:07]}  gxh4 {[%clk 0:20:16]} 30. Rg1 {[%clk 0:28:35]}  Rd8 {[%clk 0:17:04]} 31. Bxb6 {[%clk 0:28:02]}  Rd4 {[%clk 0:17:33]} 32. Qe3 {[%clk 0:28:30]}  Qb8 {[%clk 0:17:57]} 33. Bc5 {[%clk 0:28:21]}  Bxc5 {[%clk 0:16:38]} 34. bxc5 {[%clk 0:28:47]}  Qf8 {[%clk 0:17:04]} 35. Rb7 {[%clk 0:29:00]}  Rd7 {[%clk 0:15:28]} 36. Rb6 {[%clk 0:27:32]}  Rc8 {[%clk 0:15:57]} 37. f4 {[%clk 0:16:12]}  Re7 {[%clk 0:08:48]} 38. Kh1 {[%clk 0:13:41]}  Nd7 {[%clk 0:09:14]} 39. Rb2 {[%clk 0:11:23]}  Rce8 {[%clk 0:09:17]} 40. Bf3 {[%clk 0:10:53]}  exf4 {[%clk 0:05:41]} 41. Qxf4 {[%clk 0:11:18]}  Ng5 {[%clk 0:29:53]} 42. Rh2 {[%clk 0:41:31]}  f6 {[%clk 0:29:44]} 43. Rxh4 {[%clk 0:40:38]}  Ne5 {[%clk 0:28:04]} 44. Bh5 {[%clk 0:39:19]}  Rd8 {[%clk 0:28:27]} 45. Ne2 {[%clk 0:34:13]}  Nd3 {[%clk 0:27:35]} 46. Qe3 {[%clk 0:33:52]}  Nxe4 {[%clk 0:25:44]} 47. Nf4 {[%clk 0:30:40]}  Nxf4 {[%clk 0:15:08]} 48. Qxf4 {[%clk 0:31:04]}  Ng5 {[%clk 0:14:53]} 49. Bf3 {[%clk 0:31:09]}  Rd3 {[%clk 0:12:27]} 50. Rf1 {[%clk 0:28:42]}  Kg7 {[%clk 0:09:29]} 51. Bxc6 {[%clk 0:27:54]}  Qc8 {[%clk 0:09:58]} 52. Bg2 {[%clk 0:27:18]}  Qxc5 {[%clk 0:08:37]} 53. Qg4 {[%clk 0:27:24]}  Re5 {[%clk 0:04:44]} 54. Qh5 {[%clk 0:25:09]}  Nf7 {[%clk 0:04:35]} 55. Qg6+ {[%clk 0:21:28]}  Kf8 {[%clk 0:05:04]} 56. Rg4 {[%clk 0:17:31]}  Ke7 {[%clk 0:04:10]} 57. Qh7 {[%clk 0:17:50]}  Rd4 {[%clk 0:04:26]} 58. Rxd4 {[%clk 0:11:17]}  Qxd4 {[%clk 0:04:52]} 59. Bd5 {[%clk 0:10:16]}  Qh4+ {[%clk 0:03:42]} 60. Kg1 {[%clk 0:10:44]}  Qg5+ {[%clk 0:03:05]} 61. Kh1 {[%clk 0:11:03]}  Qh5+ {[%clk 0:03:29]} 62. Kg1 {[%clk 0:11:28]}  Qg4+ {[%clk 0:02:27]} 63. Kh1 {[%clk 0:11:52]}  Rxd5 {[%clk 0:02:16]} 64. cxd5 {[%clk 0:12:17]}  Qh3+ {[%clk 0:02:30]} 65. Kg1 {[%clk 0:12:42]}  Qg3+ {[%clk 0:02:53]} 66. Kh1 {[%clk 0:13:07]}  Qh3+ {[%clk 0:03:09]} 67. Kg1 {[%clk 0:13:34]}  Qg3+ {[%clk 0:03:34]} 1/2-1/2

[Event "45th FIDE Chess Olympiad Open"]
[Site "Budapest, Hungary"]
[Date "2024.09.22"]
[Round "11"]
[White "Burovic, Rijad"]
[Black "Chavez, Ricardo Ernesto"]
[Result "1-0"]
[Board "138"]
[WhiteFideId "14407701"]
[BlackFideId "6700098"]
[WhiteTitle "IM"]
[BlackTitle "FM"]
[WhiteElo "2426"]
[BlackElo "2185"]
[WhiteTeam "Bosnia & Herzegovina"]
[BlackTeam "El Salvador"]
[WhiteClock "0:14:25"]
[BlackClock "0:03:05"]
[Variant "Standard"]

1. e4 {[%clk 1:30:55]}  c5 {[%clk 1:30:46]} 2. Nf3 {[%clk 1:30:47]}  e6 {[%clk 1:31:09]} 3. d4 {[%clk 1:31:01]}  cxd4 {[%clk 1:31:33]} 4. Nxd4 {[%clk 1:31:21]}  a6 {[%clk 1:31:57]} 5. c4 {[%clk 1:31:28]}  Nf6 {[%clk 1:32:07]} 6. Nc3 {[%clk 1:31:41]}  Bb4 {[%clk 1:32:31]} 7. Qd3 {[%clk 1:31:08]}  O-O {[%clk 1:30:26]} 8. e5 {[%clk 1:30:16]}  Ne8 {[%clk 1:28:51]} 9. Bf4 {[%clk 1:30:00]}  d6 {[%clk 1:23:33]} 10. exd6 {[%clk 1:29:37]}  Nxd6 {[%clk 1:20:30]} 11. O-O-O {[%clk 1:26:03]}  Qf6 {[%clk 1:17:19]} 12. Qg3 {[%clk 1:21:38]}  Nc6 {[%clk 0:40:04]} 13. Nxc6 {[%clk 1:00:36]}  Nf5 {[%clk 0:25:33]} 14. Ne4 {[%clk 0:49:30]}  Nxg3 {[%clk 0:23:46]} 15. Nxf6+ {[%clk 0:49:49]}  gxf6 {[%clk 0:24:12]} 16. Nxb4 {[%clk 0:42:11]}  Nxh1 {[%clk 0:24:37]} 17. Be3 {[%clk 0:42:38]}  a5 {[%clk 0:22:32]} 18. Nc2 {[%clk 0:39:22]}  e5 {[%clk 0:20:17]} 19. Be2 {[%clk 0:38:56]}  Be6 {[%clk 0:17:16]} 20. Rxh1 {[%clk 0:38:28]}  Rfc8 {[%clk 0:17:39]} 21. b3 {[%clk 0:26:09]}  b5 {[%clk 0:15:24]} 22. cxb5 {[%clk 0:25:28]}  a4 {[%clk 0:15:06]} 23. Kb2 {[%clk 0:25:22]}  axb3 {[%clk 0:14:43]} 24. axb3 {[%clk 0:25:21]}  f5 {[%clk 0:13:35]} 25. b6 {[%clk 0:17:55]}  Rab8 {[%clk 0:10:24]} 26. Ba6 {[%clk 0:16:38]}  Rc6 {[%clk 0:07:49]} 27. Nb4 {[%clk 0:16:26]}  Rd6 {[%clk 0:07:43]} 28. g3 {[%clk 0:15:04]}  f6 {[%clk 0:04:22]} 29. Rc1 {[%clk 0:13:44]}  f4 {[%clk 0:03:24]} 30. gxf4 {[%clk 0:13:57]}  exf4 {[%clk 0:03:45]} 31. Bc5 {[%clk 0:13:49]}  Rdxb6 {[%clk 0:02:40]} 32. Bxb6 {[%clk 0:14:06]}  Rxb6 {[%clk 0:03:05]} 33. Kc3 {[%clk 0:14:25]} 1-0

[Event "45th FIDE Chess Olympiad Open"]
[Site "Budapest, Hungary"]
[Date "2024.09.22"]
[Round "11"]
[White "Morales Carlos"]
[Black "Culum, Sanjin"]
[Result "0-1"]
[Board "139"]
[WhiteFideId "6706754"]
[BlackFideId "14420937"]
[WhiteTitle "FM"]
[BlackTitle "FM"]
[WhiteElo "2131"]
[BlackElo "2409"]
[WhiteTeam "El Salvador"]
[BlackTeam "Bosnia & Herzegovina"]
[WhiteClock "0:16:54"]
[BlackClock "0:15:01"]
[Variant "Standard"]

1. e4 {[%clk 1:28:20]}  c5 {[%clk 1:30:55]} 2. Nf3 {[%clk 1:28:21]}  d6 {[%clk 1:31:19]} 3. d4 {[%clk 1:28:43]}  cxd4 {[%clk 1:31:45]} 4. Nxd4 {[%clk 1:29:08]}  Nf6 {[%clk 1:32:09]} 5. Nc3 {[%clk 1:29:31]}  a6 {[%clk 1:32:35]} 6. Bg5 {[%clk 1:29:43]}  e6 {[%clk 1:32:20]} 7. f4 {[%clk 1:30:07]}  Be7 {[%clk 1:32:33]} 8. Qf3 {[%clk 1:30:29]}  Qc7 {[%clk 1:32:41]} 9. O-O-O {[%clk 1:30:36]}  Nbd7 {[%clk 1:33:01]} 10. Be2 {[%clk 1:24:18]}  b5 {[%clk 1:19:42]} 11. Bxf6 {[%clk 1:21:31]}  Nxf6 {[%clk 1:10:29]} 12. e5 {[%clk 1:21:54]}  Bb7 {[%clk 1:06:07]} 13. Qg3 {[%clk 1:22:20]}  dxe5 {[%clk 1:06:04]} 14. fxe5 {[%clk 1:21:58]}  Nd7 {[%clk 1:05:22]} 15. Qxg7 {[%clk 1:20:42]}  Qxe5 {[%clk 1:04:19]} 16. Qg4 {[%clk 1:10:17]}  Nf6 {[%clk 0:59:40]} 17. Qh4 {[%clk 1:02:28]}  Nd5 {[%clk 0:57:26]} 18. Qe1 {[%clk 0:59:55]}  Qg5+ {[%clk 0:49:10]} 19. Kb1 {[%clk 1:00:19]}  Bb4 {[%clk 0:42:05]} 20. Bf3 {[%clk 0:51:20]}  Bxc3 {[%clk 0:40:21]} 21. Nxe6 {[%clk 0:46:20]}  fxe6 {[%clk 0:32:55]} 22. Qxe6+ {[%clk 0:46:28]}  Qe7 {[%clk 0:33:21]} 23. Qf5 {[%clk 0:37:44]}  Rf8 {[%clk 0:20:50]} 24. Bh5+ {[%clk 0:35:11]}  Kd8 {[%clk 0:21:09]} 25. Rxd5+ {[%clk 0:25:21]}  Kc7 {[%clk 0:17:37]} 26. Qd3 {[%clk 0:18:40]}  Bxd5 {[%clk 0:17:56]} 27. Qxc3+ {[%clk 0:18:26]}  Kb7 {[%clk 0:17:19]} 28. Re1 {[%clk 0:18:16]}  Qc7 {[%clk 0:16:06]} 29. Qb4 {[%clk 0:16:54]}  Rf4 {[%clk 0:15:01]} 0-1

[Event "45th FIDE Chess Olympiad Open"]
[Site "Budapest, Hungary"]
[Date "2024.09.22"]
[Round "11"]
[White "Marjanovic, Dejan"]
[Black "Guevara Ruiz, Marvin Andres"]
[Result "1-0"]
[Board "140"]
[WhiteFideId "14402661"]
[BlackFideId "6708889"]
[WhiteTitle "IM"]
[WhiteElo "2365"]
[BlackElo "2003"]
[WhiteTeam "Bosnia & Herzegovina"]
[BlackTeam "El Salvador"]
[WhiteClock "0:31:28"]
[BlackClock "0:26:40"]
[Variant "Standard"]

1. e4 {[%clk 1:30:57]}  c5 {[%clk 1:30:54]} 2. Nc3 {[%clk 1:31:13]}  Nc6 {[%clk 1:31:02]} 3. Bb5 {[%clk 1:31:18]}  Nd4 {[%clk 1:29:58]} 4. Nf3 {[%clk 1:31:33]}  e6 {[%clk 1:28:20]} 5. O-O {[%clk 1:31:49]}  a6 {[%clk 1:27:26]} 6. Bd3 {[%clk 1:32:13]}  d6 {[%clk 1:24:23]} 7. Nxd4 {[%clk 1:32:22]}  cxd4 {[%clk 1:24:52]} 8. Ne2 {[%clk 1:32:42]}  Qb6 {[%clk 1:23:33]} 9. c3 {[%clk 1:27:58]}  dxc3 {[%clk 1:20:52]} 10. Nxc3 {[%clk 1:27:42]}  Ne7 {[%clk 1:17:11]} 11. Bc2 {[%clk 1:26:23]}  Nc6 {[%clk 1:15:35]} 12. Ba4 {[%clk 1:26:46]}  Bd7 {[%clk 1:07:23]} 13. d4 {[%clk 1:21:47]}  Be7 {[%clk 0:54:07]} 14. d5 {[%clk 1:07:11]}  Ne5 {[%clk 0:39:49]} 15. Bb3 {[%clk 1:05:58]}  O-O {[%clk 0:35:33]} 16. Be3 {[%clk 1:04:22]}  Qc7 {[%clk 0:28:09]} 17. dxe6 {[%clk 1:03:26]}  fxe6 {[%clk 0:27:29]} 18. Rc1 {[%clk 1:03:32]}  Nc6 {[%clk 0:26:49]} 19. f4 {[%clk 0:57:36]}  Rae8 {[%clk 0:21:10]} 20. Na4 {[%clk 0:46:34]}  Kh8 {[%clk 0:18:10]} 21. Nb6 {[%clk 0:43:50]}  Bf6 {[%clk 0:16:10]} 22. Qd2 {[%clk 0:43:34]}  Bc8 {[%clk 0:11:42]} 23. Rfd1 {[%clk 0:41:41]}  Rd8 {[%clk 0:10:40]} 24. Kh1 {[%clk 0:36:41]}  Rfe8 {[%clk 0:09:40]} 25. h3 {[%clk 0:32:43]}  Qb8 {[%clk 0:07:15]} 26. Qe2 {[%clk 0:22:43]}  d5 {[%clk 0:02:57]} 27. e5 {[%clk 0:22:31]}  Be7 {[%clk 0:03:01]} 28. Bc2 {[%clk 0:22:23]}  g6 {[%clk 0:02:04]} 29. Qg4 {[%clk 0:22:46]}  Rg8 {[%clk 0:01:56]} 30. h4 {[%clk 0:14:09]}  Rg7 {[%clk 0:02:08]} 31. g3 {[%clk 0:12:49]}  h5 {[%clk 0:01:48]} 32. Qe2 {[%clk 0:11:52]}  Rdg8 {[%clk 0:01:02]} 33. Ba4 {[%clk 0:10:16]}  Qc7 {[%clk 0:00:39]} 34. Qc2 {[%clk 0:10:24]}  d4 {[%clk 0:00:37]} 35. Bxd4 {[%clk 0:10:32]}  Rd8 {[%clk 0:00:37]} 36. Bf2 {[%clk 0:09:36]}  Bb4 {[%clk 0:00:38]} 37. a3 {[%clk 0:01:38]}  Ba5 {[%clk 0:00:39]} 38. Rxd8+ {[%clk 0:01:33]}  Qxd8 {[%clk 0:01:08]} 39. Nxc8 {[%clk 0:01:37]}  Qxc8 {[%clk 0:00:44]} 40. b4 {[%clk 0:01:59]}  Bd8 {[%clk 0:00:54]} 41. Bxc6 {[%clk 0:01:56]}  Kh7 {[%clk 0:26:40]} 42. Be8 {[%clk 0:31:28]} 1-0

[Event "45th FIDE Chess Olympiad Open"]
[Site "Budapest, Hungary"]
[Date "2024.09.22"]
[Round "11"]
[White "Mandizha, Farai"]
[Black "Gascon Del Nogal, Jose Rafael"]
[Result "1-0"]
[Board "141"]
[WhiteFideId "11000430"]
[BlackFideId "3902463"]
[WhiteTitle "IM"]
[BlackTitle "GM"]
[WhiteElo "2371"]
[BlackElo "2454"]
[WhiteTeam "Zimbabwe"]
[BlackTeam "Venezuela"]
[WhiteClock "0:22:43"]
[BlackClock "0:08:11"]
[Variant "Standard"]

1. d4 {[%clk 1:30:40]}  Nf6 {[%clk 1:30:55]} 2. c4 {[%clk 1:30:47]}  c5 {[%clk 1:31:19]} 3. dxc5 {[%clk 1:25:22]}  e6 {[%clk 1:30:33]} 4. Nc3 {[%clk 1:25:36]}  Bxc5 {[%clk 1:30:58]} 5. Nf3 {[%clk 1:25:05]}  O-O {[%clk 1:30:25]} 6. a3 {[%clk 1:24:10]}  b6 {[%clk 1:29:22]} 7. Bg5 {[%clk 1:22:24]}  Bb7 {[%clk 1:28:49]} 8. e3 {[%clk 1:22:26]}  Be7 {[%clk 1:28:58]} 9. Qc2 {[%clk 1:20:39]}  Na6 {[%clk 1:15:59]} 10. Rd1 {[%clk 1:18:59]}  Nc5 {[%clk 1:15:09]} 11. Rd4 {[%clk 1:14:54]}  h6 {[%clk 1:03:22]} 12. Bh4 {[%clk 1:13:58]}  a5 {[%clk 1:03:44]} 13. Be2 {[%clk 1:10:10]}  a4 {[%clk 0:55:01]} 14. O-O {[%clk 1:10:20]}  Ne8 {[%clk 0:53:58]} 15. Bg3 {[%clk 1:07:19]}  d6 {[%clk 0:48:26]} 16. Rdd1 {[%clk 0:54:31]}  Nf6 {[%clk 0:33:47]} 17. Nd4 {[%clk 0:45:00]}  Nfe4 {[%clk 0:31:12]} 18. Bf3 {[%clk 0:44:35]}  Nxc3 {[%clk 0:30:04]} 19. Qxc3 {[%clk 0:44:24]}  Bxf3 {[%clk 0:30:28]} 20. gxf3 {[%clk 0:44:09]}  Qc8 {[%clk 0:23:55]} 21. Rd2 {[%clk 0:32:41]}  e5 {[%clk 0:18:20]} 22. Nb5 {[%clk 0:31:12]}  Qc6 {[%clk 0:18:40]} 23. Rd5 {[%clk 0:30:24]}  Ne6 {[%clk 0:19:09]} 24. f4 {[%clk 0:26:42]}  f6 {[%clk 0:17:42]} 25. Qd3 {[%clk 0:23:35]}  Nc7 {[%clk 0:17:19]} 26. Nxd6 {[%clk 0:18:27]}  Nxd5 {[%clk 0:16:18]} 27. Nf5 {[%clk 0:18:55]}  Bc5 {[%clk 0:11:30]} 28. cxd5 {[%clk 0:11:06]}  Qd7 {[%clk 0:11:56]} 29. d6 {[%clk 0:10:41]}  Rae8 {[%clk 0:09:59]} 30. Rd1 {[%clk 0:09:11]}  e4 {[%clk 0:10:17]} 31. Qd5+ {[%clk 0:09:28]}  Kh7 {[%clk 0:10:15]} 32. Ne7 {[%clk 0:06:51]}  f5 {[%clk 0:08:34]} 33. Bh4 {[%clk 0:07:18]}  Ra8 {[%clk 0:02:31]} 34. Nc6 {[%clk 0:06:08]}  g5 {[%clk 0:01:30]} 35. fxg5 {[%clk 0:06:26]}  Qg7 {[%clk 0:01:06]} 36. d7 {[%clk 0:04:51]}  hxg5 {[%clk 0:01:32]} 37. Bg3 {[%clk 0:04:28]}  f4 {[%clk 0:01:54]} 38. d8=Q {[%clk 0:04:08]}  Raxd8 {[%clk 0:01:32]} 39. Nxd8 {[%clk 0:04:31]}  fxg3 {[%clk 0:01:30]} 40. Ne6 {[%clk 0:02:17]}  gxf2+ {[%clk 0:01:44]} 41. Kf1 {[%clk 0:02:23]}  Qg6 {[%clk 0:28:02]} 42. Qxc5 {[%clk 0:28:23]}  Re8 {[%clk 0:22:17]} 43. Nf8+ {[%clk 0:28:39]}  Kh6 {[%clk 0:22:40]} 44. Nxg6 {[%clk 0:29:01]}  bxc5 {[%clk 0:22:19]} 45. Rd6 {[%clk 0:28:25]}  Kg7 {[%clk 0:22:09]} 46. Rb6 {[%clk 0:28:05]}  c4 {[%clk 0:11:49]} 47. Kxf2 {[%clk 0:27:44]}  c3 {[%clk 0:11:17]} 48. bxc3 {[%clk 0:28:01]}  Rc8 {[%clk 0:11:43]} 49. Ne7 {[%clk 0:27:24]}  Rxc3 {[%clk 0:11:55]} 50. Nf5+ {[%clk 0:27:40]}  Kf8 {[%clk 0:11:33]} 51. Rf6+ {[%clk 0:24:48]}  Ke8 {[%clk 0:11:18]} 52. Ra6 {[%clk 0:23:42]}  Rxa3 {[%clk 0:11:41]} 53. Nd6+ {[%clk 0:23:49]}  Kd7 {[%clk 0:11:41]} 54. Nxe4 {[%clk 0:23:58]}  Kc7 {[%clk 0:12:01]} 55. Kf3 {[%clk 0:22:31]}  Kb8 {[%clk 0:07:58]} 56. Nc5 {[%clk 0:22:16]}  Ra2 {[%clk 0:07:46]} 57. Rxa4 {[%clk 0:22:31]}  Rxh2 {[%clk 0:08:11]} 58. Rg4 {[%clk 0:22:43]} 1-0

[Event "45th FIDE Chess Olympiad Open"]
[Site "Budapest, Hungary"]
[Date "2024.09.22"]
[Round "11"]
[White "Ynojosa Aponte, Felix Jose"]
[Black "Makoto, Rodwell"]
[Result "1/2-1/2"]
[Board "142"]
[WhiteFideId "3900258"]
[BlackFideId "11000120"]
[WhiteTitle "IM"]
[BlackTitle "IM"]
[WhiteElo "2398"]
[BlackElo "2311"]
[WhiteTeam "Venezuela"]
[BlackTeam "Zimbabwe"]
[WhiteClock "0:11:22"]
[BlackClock "0:31:09"]
[Variant "Standard"]

1. c4 {[%clk 1:30:57]}  Nf6 {[%clk 1:30:39]} 2. Nc3 {[%clk 1:31:23]}  g6 {[%clk 1:31:00]} 3. d4 {[%clk 1:31:49]}  Bg7 {[%clk 1:31:21]} 4. e4 {[%clk 1:32:15]}  d6 {[%clk 1:31:35]} 5. Nf3 {[%clk 1:32:42]}  O-O {[%clk 1:31:17]} 6. Be2 {[%clk 1:33:09]}  e5 {[%clk 1:31:18]} 7. dxe5 {[%clk 1:33:35]}  dxe5 {[%clk 1:31:43]} 8. O-O {[%clk 1:34:01]}  Nbd7 {[%clk 1:31:57]} 9. Qc2 {[%clk 1:34:27]}  c6 {[%clk 1:32:02]} 10. Rd1 {[%clk 1:34:54]}  Qe7 {[%clk 1:32:13]} 11. Rb1 {[%clk 1:35:10]}  Nc5 {[%clk 1:29:02]} 12. Be3 {[%clk 1:35:22]}  Nh5 {[%clk 1:26:04]} 13. b4 {[%clk 1:35:41]}  Ne6 {[%clk 1:26:13]} 14. c5 {[%clk 1:36:05]}  Nhf4 {[%clk 1:25:21]} 15. Bf1 {[%clk 1:36:24]}  Ng5 {[%clk 1:23:18]} 16. Nxg5 {[%clk 1:36:21]}  Qxg5 {[%clk 1:23:42]} 17. Kh1 {[%clk 1:36:04]}  Qe7 {[%clk 1:20:58]} 18. Rd6 {[%clk 1:33:51]}  Ne6 {[%clk 1:17:42]} 19. Bc4 {[%clk 1:33:42]}  Nd4 {[%clk 1:16:19]} 20. Qd2 {[%clk 1:34:08]}  Be6 {[%clk 1:14:04]} 21. Bg5 {[%clk 1:29:49]}  Qc7 {[%clk 1:11:25]} 22. Qd3 {[%clk 1:27:30]}  Rfe8 {[%clk 1:05:36]} 23. Bxe6 {[%clk 1:25:52]}  Nxe6 {[%clk 1:00:50]} 24. Bh4 {[%clk 1:23:24]}  Bf8 {[%clk 0:54:55]} 25. Bf6 {[%clk 1:17:56]}  Nf4 {[%clk 0:27:32]} 26. Rd7 {[%clk 1:07:29]}  Nxd3 {[%clk 0:27:51]} 27. Rxc7 {[%clk 1:07:57]}  Re6 {[%clk 0:27:55]} 28. Bh4 {[%clk 1:07:48]}  b6 {[%clk 0:27:54]} 29. Rd7 {[%clk 1:05:26]}  Nf4 {[%clk 0:27:57]} 30. cxb6 {[%clk 1:02:06]}  axb6 {[%clk 0:27:35]} 31. a4 {[%clk 1:02:13]}  Rd6 {[%clk 0:26:56]} 32. Rxd6 {[%clk 1:02:18]}  Bxd6 {[%clk 0:27:19]} 33. f3 {[%clk 1:00:31]}  Kg7 {[%clk 0:23:05]} 34. Kg1 {[%clk 0:57:40]}  Bf8 {[%clk 0:20:38]} 35. Bf2 {[%clk 0:44:36]}  Nd3 {[%clk 0:18:49]} 36. b5 {[%clk 0:41:30]}  cxb5 {[%clk 0:18:59]} 37. axb5 {[%clk 0:41:52]}  Ra3 {[%clk 0:18:02]} 38. Nd5 {[%clk 0:41:58]}  Nxf2 {[%clk 0:18:17]} 39. Kxf2 {[%clk 0:42:27]}  Bc5+ {[%clk 0:17:55]} 40. Kg3 {[%clk 0:42:54]}  f5 {[%clk 0:17:25]} 41. exf5 {[%clk 0:37:28]}  gxf5 {[%clk 0:17:51]} 42. Rd1 {[%clk 0:36:04]}  Kf7 {[%clk 0:17:08]} 43. Kh4 {[%clk 0:32:10]}  e4 {[%clk 0:14:27]} 44. fxe4 {[%clk 0:26:43]}  fxe4 {[%clk 0:14:46]} 45. Kg4 {[%clk 0:26:41]}  Ra2 {[%clk 0:11:19]} 46. Nc3 {[%clk 0:23:50]}  Rxg2+ {[%clk 0:11:09]} 47. Kh3 {[%clk 0:24:17]}  Rb2 {[%clk 0:10:51]} 48. Nxe4 {[%clk 0:24:42]}  Rxb5 {[%clk 0:11:08]} 49. Nd6+ {[%clk 0:23:46]}  Bxd6 {[%clk 0:11:09]} 50. Rxd6 {[%clk 0:24:15]}  h5 {[%clk 0:08:05]} 51. Kg3 {[%clk 0:22:39]}  Ke7 {[%clk 0:08:26]} 52. Rh6 {[%clk 0:11:47]}  Kd7 {[%clk 0:08:47]} 53. Kf4 {[%clk 0:04:11]}  Kc7 {[%clk 0:08:53]} 54. h4 {[%clk 0:20:25]}  Rc5 {[%clk 0:39:05]} 55. Ke3 {[%clk 0:19:24]}  Kb7 {[%clk 0:39:06]} 56. Kd4 {[%clk 0:18:19]}  Ka6 {[%clk 0:38:52]} 57. Kd3 {[%clk 0:17:54]}  Rd5+ {[%clk 0:38:21]} 58. Kc3 {[%clk 0:17:23]}  Rf5 {[%clk 0:38:01]} 59. Rh8 {[%clk 0:17:09]}  Kb5 {[%clk 0:36:50]} 60. Kb3 {[%clk 0:17:30]}  Kc5 {[%clk 0:36:44]} 61. Kc3 {[%clk 0:17:55]}  b5 {[%clk 0:35:34]} 62. Rh7 {[%clk 0:16:40]}  Kd5 {[%clk 0:35:38]} 63. Kd3 {[%clk 0:16:57]}  Kc5 {[%clk 0:34:16]} 64. Kc3 {[%clk 0:16:02]}  Kd6 {[%clk 0:33:41]} 65. Kd3 {[%clk 0:16:16]}  Rd5+ {[%clk 0:33:54]} 66. Kc3 {[%clk 0:12:03]}  Kc5 {[%clk 0:30:53]} 67. Rc7+ {[%clk 0:12:25]}  Kb6 {[%clk 0:31:04]} 68. Rh7 {[%clk 0:12:51]}  Rc5+ {[%clk 0:30:58]} 69. Kb3 {[%clk 0:12:09]}  Rf5 {[%clk 0:31:03]} 70. Rh8 {[%clk 0:10:55]}  Kc5 {[%clk 0:31:09]} 71. Kc3 {[%clk 0:11:22]} 1/2-1/2

[Event "45th FIDE Chess Olympiad Open"]
[Site "Budapest, Hungary"]
[Date "2024.09.22"]
[Round "11"]
[White "Mushore, Emarald Takudzwa"]
[Black "Escalona Landi, Samid Eduardo"]
[Result "1-0"]
[Board "143"]
[WhiteFideId "11309504"]
[BlackFideId "3937437"]
[BlackTitle "FM"]
[WhiteElo "2150"]
[BlackElo "2305"]
[WhiteTeam "Zimbabwe"]
[BlackTeam "Venezuela"]
[WhiteClock "0:10:33"]
[BlackClock "0:58:47"]
[Variant "Standard"]

1. e4 {[%clk 1:30:57]}  c5 {[%clk 1:29:04]} 2. Nf3 {[%clk 1:31:13]}  d6 {[%clk 1:29:15]} 3. d4 {[%clk 1:31:35]}  cxd4 {[%clk 1:29:41]} 4. Nxd4 {[%clk 1:32:02]}  Nf6 {[%clk 1:30:03]} 5. Nc3 {[%clk 1:32:29]}  Nc6 {[%clk 1:30:30]} 6. Bg5 {[%clk 1:32:40]}  e6 {[%clk 1:30:55]} 7. Qd2 {[%clk 1:32:44]}  a6 {[%clk 1:31:19]} 8. O-O-O {[%clk 1:32:20]}  Bd7 {[%clk 1:31:47]} 9. Kb1 {[%clk 1:29:48]}  Nxd4 {[%clk 1:30:54]} 10. Qxd4 {[%clk 1:30:07]}  Be7 {[%clk 1:31:20]} 11. f4 {[%clk 1:26:00]}  h6 {[%clk 1:31:27]} 12. Bh4 {[%clk 1:25:29]}  Bc6 {[%clk 1:31:09]} 13. Be2 {[%clk 1:22:03]}  O-O {[%clk 1:30:42]} 14. Bf2 {[%clk 1:19:24]}  Qa5 {[%clk 1:24:15]} 15. Bf3 {[%clk 1:16:57]}  Nd7 {[%clk 1:21:54]} 16. Qd2 {[%clk 1:11:39]}  Qc7 {[%clk 1:18:29]} 17. Rhe1 {[%clk 1:10:01]}  b5 {[%clk 1:18:39]} 18. Nd5 {[%clk 1:05:50]}  exd5 {[%clk 1:14:00]} 19. exd5 {[%clk 1:06:11]}  Bxd5 {[%clk 1:14:27]} 20. Qxd5 {[%clk 0:57:35]}  Rac8 {[%clk 1:14:56]} 21. Rd2 {[%clk 0:56:47]}  Nc5 {[%clk 1:15:19]} 22. Bd4 {[%clk 0:48:11]}  Qd8 {[%clk 1:12:15]} 23. Qf5 {[%clk 0:42:30]}  g6 {[%clk 1:09:03]} 24. Qh3 {[%clk 0:40:30]}  Kh7 {[%clk 1:08:38]} 25. g4 {[%clk 0:40:10]}  g5 {[%clk 1:06:50]} 26. Qh5 {[%clk 0:37:25]}  Bf6 {[%clk 1:05:56]} 27. fxg5 {[%clk 0:33:50]}  Bxg5 {[%clk 1:05:58]} 28. Bd5 {[%clk 0:34:04]}  Qd7 {[%clk 1:00:22]} 29. Rdd1 {[%clk 0:28:12]}  f6 {[%clk 0:58:18]} 30. h4 {[%clk 0:19:44]}  Bf4 {[%clk 0:58:44]} 31. b4 {[%clk 0:09:58]}  Na4 {[%clk 0:58:29]} 32. Be6 {[%clk 0:10:10]}  Qc7 {[%clk 0:58:47]} 33. Qf5+ {[%clk 0:10:33]} 1-0